<?xml version="1.0" encoding="UTF-8"?>
<record
    xmlns:xsi="http://www.w3.org/2001/XMLSchema-instance"
    xsi:schemaLocation="http://www.loc.gov/MARC21/slim http://www.loc.gov/standards/marcxml/schema/MARC21slim.xsd"
    xmlns="http://www.loc.gov/MARC21/slim">

  <leader>02406nam0a2200421 i 4500</leader>
  <controlfield tag="001">RU\NLR\BIBL_A\010190546</controlfield>
  <controlfield tag="005">20241115072959.0</controlfield>
  <datafield tag="010" ind1=" " ind2=" ">
    <subfield code="a">9785835614028</subfield>
    <subfield code="9">500</subfield>
  </datafield>
  <datafield tag="021" ind1=" " ind2=" ">
    <subfield code="a">RU</subfield>
    <subfield code="b">13-101490</subfield>
  </datafield>
  <datafield tag="035" ind1=" " ind2=" ">
    <subfield code="a">(NILC)RuMoRGB-006711969</subfield>
  </datafield>
  <datafield tag="035" ind1=" " ind2=" ">
    <subfield code="a">(NLR Aleph) 010190546</subfield>
  </datafield>
  <datafield tag="090" ind1=" " ind2=" ">
    <subfield code="a">10195149</subfield>
    <subfield code="c">10195149</subfield>
  </datafield>
  <datafield tag="100" ind1=" " ind2=" ">
    <subfield code="a">20140213d2013    km y0rusy50      ca</subfield>
  </datafield>
  <datafield tag="101" ind1="0" ind2=" ">
    <subfield code="a">rus</subfield>
  </datafield>
  <datafield tag="102" ind1=" " ind2=" ">
    <subfield code="a">RU</subfield>
  </datafield>
  <datafield tag="105" ind1=" " ind2=" ">
    <subfield code="a">a|||7||||01yy</subfield>
  </datafield>
  <datafield tag="200" ind1="1" ind2=" ">
    <subfield code="a">&#x421;&#x43E;&#x432;&#x440;&#x435;&#x43C;&#x435;&#x43D;&#x43D;&#x44B;&#x435; &#x43E;&#x431;&#x440;&#x430;&#x437;&#x43E;&#x432;&#x430;&#x442;&#x435;&#x43B;&#x44C;&#x43D;&#x44B;&#x435; &#x442;&#x435;&#x445;&#x43D;&#x43E;&#x43B;&#x43E;&#x433;&#x438;&#x438; &#x432; &#x435;&#x441;&#x442;&#x435;&#x441;&#x442;&#x432;&#x435;&#x43D;&#x43D;&#x43E;&#x43D;&#x430;&#x443;&#x447;&#x43D;&#x43E;&#x43C; &#x43E;&#x431;&#x440;&#x430;&#x437;&#x43E;&#x432;&#x430;&#x43D;&#x438;&#x438;</subfield>
    <subfield code="e">&#x43C;&#x43E;&#x43D;&#x43E;&#x433;&#x440;&#x430;&#x444;&#x438;&#x44F;</subfield>
    <subfield code="f">[&#x43A;.&#x43F;.&#x43D;., &#x434;&#x43E;&#x446;. &#x421;. &#x411;. &#x411;&#x430;&#x440;&#x430;&#x448;&#x43A;&#x438;&#x43D;&#x430;, &#x43A;&#x430;&#x43D;&#x434;. &#x43D;&#x430;&#x443;&#x43A;, &#x434;&#x43E;&#x446;. &#x41B;. &#x41F;. &#x411;&#x43B;&#x43E;&#x445;&#x438;&#x43D;&#x430;, &#x422;. &#x413;. &#x424;&#x440;&#x43E;&#x43B;&#x43E;&#x432;&#x430; &#x438; &#x434;&#x440;.]</subfield>
    <subfield code="g">&#x43F;&#x43E;&#x434; &#x43E;&#x431;&#x449;. &#x440;&#x435;&#x434;. &#x43A;.&#x43F;.&#x43D;., &#x434;&#x43E;&#x446;. &#x421;. &#x411;. &#x411;&#x430;&#x440;&#x430;&#x448;&#x43A;&#x438;&#x43D;&#x43E;&#x439; &#x438; &#x43A;&#x430;&#x43D;&#x434;. &#x43D;&#x430;&#x443;&#x43A;, &#x434;&#x43E;&#x446;. &#x41B;. &#x41F;. &#x411;&#x43B;&#x43E;&#x445;&#x438;&#x43D;&#x43E;&#x439;</subfield>
    <subfield code="g">&#x41F;&#x435;&#x43D;&#x437;. &#x433;&#x43E;&#x441;. &#x443;&#x43D;-&#x442;, &#x41F;&#x435;&#x434;. &#x438;&#x43D;-&#x442; &#x438;&#x43C;. &#x412;. &#x413;. &#x411;&#x435;&#x43B;&#x438;&#x43D;&#x441;&#x43A;&#x43E;&#x433;&#x43E; [&#x438; &#x434;&#x440;.]</subfield>
  </datafield>
  <datafield tag="210" ind1=" " ind2=" ">
    <subfield code="a">&#x41F;&#x435;&#x43D;&#x437;&#x430;</subfield>
    <subfield code="c">&#x41F;&#x440;&#x438;&#x432;&#x43E;&#x43B;&#x436;&#x441;&#x43A;&#x438;&#x439; &#x414;&#x43E;&#x43C; &#x437;&#x43D;&#x430;&#x43D;&#x438;&#x439;</subfield>
    <subfield code="d">2013</subfield>
  </datafield>
  <datafield tag="215" ind1=" " ind2=" ">
    <subfield code="a">118 &#x441;.</subfield>
    <subfield code="c">&#x438;&#x43B;.</subfield>
    <subfield code="d">21</subfield>
  </datafield>
  <datafield tag="300" ind1=" " ind2=" ">
    <subfield code="a">&#x410;&#x432;&#x442;. &#x443;&#x43A;&#x430;&#x437;&#x430;&#x43D;&#x44B; &#x43D;&#x430; &#x43E;&#x431;&#x43E;&#x440;&#x43E;&#x442;&#x435; &#x442;&#x438;&#x442;.&#x43B;.</subfield>
  </datafield>
  <datafield tag="300" ind1=" " ind2=" ">
    <subfield code="a">&#x412; &#x43D;&#x430;&#x434;&#x437;&#x430;&#x433;. &#x442;&#x430;&#x43A;&#x436;&#x435;: &#x41E;-&#x432;&#x43E; "&#x417;&#x43D;&#x430;&#x43D;&#x438;&#x435;" &#x420;&#x43E;&#x441;&#x441;&#x438;&#x438;, &#x41F;&#x440;&#x438;&#x432;&#x43E;&#x43B;&#x436;. &#x414;&#x43E;&#x43C; &#x437;&#x43D;&#x430;&#x43D;&#x438;&#x439;</subfield>
  </datafield>
  <datafield tag="320" ind1=" " ind2=" ">
    <subfield code="a">&#x411;&#x438;&#x431;&#x43B;&#x438;&#x43E;&#x433;&#x440;.: &#x441;. 113-116 (58 &#x43D;&#x430;&#x437;&#x432;.)</subfield>
  </datafield>
  <datafield tag="606" ind1=" " ind2=" ">
    <subfield code="a">&#x415;&#x441;&#x442;&#x435;&#x441;&#x442;&#x432;&#x435;&#x43D;&#x43D;&#x44B;&#x435; &#x43D;&#x430;&#x443;&#x43A;&#x438;</subfield>
    <subfield code="x">&#x41F;&#x440;&#x435;&#x43F;&#x43E;&#x434;&#x430;&#x432;&#x430;&#x43D;&#x438;&#x435;</subfield>
    <subfield code="9">2165070</subfield>
    <subfield code="3">RU\NLR\AUTH\661302764</subfield>
  </datafield>
  <datafield tag="606" ind1=" " ind2=" ">
    <subfield code="a">&#x414;&#x43E;&#x448;&#x43A;&#x43E;&#x43B;&#x44C;&#x43D;&#x438;&#x43A;&#x438;</subfield>
    <subfield code="x">&#x42D;&#x43A;&#x43E;&#x43B;&#x43E;&#x433;&#x438;&#x447;&#x435;&#x441;&#x43A;&#x43E;&#x435; &#x432;&#x43E;&#x441;&#x43F;&#x438;&#x442;&#x430;&#x43D;&#x438;&#x435;</subfield>
    <subfield code="9">2108804</subfield>
    <subfield code="3">RU\NLR\AUTH\661274655</subfield>
  </datafield>
  <datafield tag="675" ind1=" " ind2=" ">
    <subfield code="a">378.02:5</subfield>
  </datafield>
  <datafield tag="686" ind1="1" ind2=" ">
    <subfield code="a">&#x427;426.23</subfield>
  </datafield>
  <datafield tag="686" ind1="1" ind2=" ">
    <subfield code="a">&#x427;486.23</subfield>
  </datafield>
  <datafield tag="686" ind1="1" ind2=" ">
    <subfield code="a">&#x427;411.352.27</subfield>
  </datafield>
  <datafield tag="700" ind1=" " ind2="1">
    <subfield code="a">&#x411;&#x430;&#x440;&#x430;&#x448;&#x43A;&#x438;&#x43D;&#x430;</subfield>
    <subfield code="b">&#x421;. &#x411;.</subfield>
    <subfield code="c">&#x43A;&#x430;&#x43D;&#x434;. &#x43F;&#x435;&#x434;. &#x43D;&#x430;&#x443;&#x43A;</subfield>
    <subfield code="g">&#x421;&#x432;&#x435;&#x442;&#x43B;&#x430;&#x43D;&#x430; &#x411;&#x43E;&#x440;&#x438;&#x441;&#x43E;&#x432;&#x43D;&#x430;</subfield>
    <subfield code="9">185688</subfield>
    <subfield code="3">RU\NLR\AUTH\770185739</subfield>
  </datafield>
  <datafield tag="701" ind1=" " ind2="1">
    <subfield code="a">&#x411;&#x43B;&#x43E;&#x445;&#x438;&#x43D;&#x430;</subfield>
    <subfield code="b">&#x41B;. &#x41F;.</subfield>
    <subfield code="g">&#x41B;&#x438;&#x43B;&#x438;&#x44F; &#x41F;&#x435;&#x442;&#x440;&#x43E;&#x432;&#x43D;&#x430;</subfield>
  </datafield>
  <datafield tag="701" ind1=" " ind2="1">
    <subfield code="4">340</subfield>
    <subfield code="a">&#x424;&#x440;&#x43E;&#x43B;&#x43E;&#x432;&#x430;</subfield>
    <subfield code="b">&#x415;. &#x42E;.</subfield>
    <subfield code="c">&#x43F;&#x440;&#x435;&#x43F;&#x43E;&#x434;&#x430;&#x432;&#x430;&#x442;&#x435;&#x43B;&#x44C;, &#x434;&#x43E;&#x448;&#x43A;&#x43E;&#x43B;&#x44C;&#x43D;&#x43E;&#x435; &#x43E;&#x431;&#x440;&#x430;&#x437;&#x43E;&#x432;&#x430;&#x43D;&#x438;&#x435;</subfield>
    <subfield code="g">&#x415;&#x43B;&#x435;&#x43D;&#x430; &#x42E;&#x440;&#x44C;&#x435;&#x432;&#x43D;&#x430;</subfield>
    <subfield code="9">131483</subfield>
    <subfield code="3">RU\NLR\AUTH\770131516</subfield>
  </datafield>
  <datafield tag="712" ind1="0" ind2="2">
    <subfield code="4">570</subfield>
    <subfield code="a">&#x41F;&#x435;&#x43D;&#x437;&#x435;&#x43D;&#x441;&#x43A;&#x438;&#x439; &#x433;&#x43E;&#x441;&#x443;&#x434;&#x430;&#x440;&#x441;&#x442;&#x432;&#x435;&#x43D;&#x43D;&#x44B;&#x439; &#x443;&#x43D;&#x438;&#x432;&#x435;&#x440;&#x441;&#x438;&#x442;&#x435;&#x442;</subfield>
    <subfield code="b">&#x41F;&#x435;&#x434;&#x430;&#x433;&#x43E;&#x433;&#x438;&#x447;&#x435;&#x441;&#x43A;&#x438;&#x439; &#x438;&#x43D;&#x441;&#x442;&#x438;&#x442;&#x443;&#x442; &#x438;&#x43C;. &#x412;. &#x413;. &#x411;&#x435;&#x43B;&#x438;&#x43D;&#x441;&#x43A;&#x43E;&#x433;&#x43E;</subfield>
    <subfield code="9">826997</subfield>
    <subfield code="3">RU\NLR\AUTH\880580685</subfield>
  </datafield>
  <datafield tag="801" ind1=" " ind2="0">
    <subfield code="a">RU</subfield>
    <subfield code="b">RuMoRKP</subfield>
    <subfield code="c">20131216</subfield>
    <subfield code="g">RCR</subfield>
  </datafield>
  <datafield tag="801" ind1=" " ind2="2">
    <subfield code="a">RU</subfield>
    <subfield code="b">&#x420;&#x413;&#x411;</subfield>
    <subfield code="c">20140114</subfield>
    <subfield code="g">rcr</subfield>
  </datafield>
  <datafield tag="942" ind1=" " ind2=" ">
    <subfield code="c">BOOK</subfield>
  </datafield>
  <datafield tag="980" ind1=" " ind2=" ">
    <subfield code="a">NBR</subfield>
  </datafield>
</record>
